[Event "Nordkalottens Rapid"]
[Site "Gilleleje"]
[Date "2022.11.06"]
[Round "4"]
[White "Aagaard, Jacob"]
[Black "Hector, Jonny"]
[Result "0-1"]
[WhiteElo "2455"]
[BlackElo "2447"]
[PlyCount "88"]
[EventDate "2022.11.06"]
[EventType "tourn (rapid)"]
[EventRounds "7"]
[EventCountry "DEN"]
[EventCategory "3"]
[SourceTitle "CBM 211 Extra"]
[Source "ChessBase"]
[SourceDate "2023.01.31"]
[SourceVersion "1"]
[SourceVersionDate "2023.01.31"]
[SourceQuality "1"]

1. c4 e5 2. Nc3 Bb4 3. Nd5 Ba5 4. b4 Bb6 5. Nxb6 axb6 6. e3 Nc6 7. Bb2 Qe7 8. a3 Nf6 9. Qc2 d6 10. Nf3 Bg4 11. h3 Bxf3 12. gxf3 0-0 13. Rg1 Ne8 14. 0-0-0 g6 15. f4 exf4 16. exf4 Qh4 17. Qc3 f6 18. f5 Qxf2 19. Bd3 g5 20. Be4 Ne5 21. d4 Qf4+ 22. Qd2 Qxe4 23. dxe5 dxe5 24. Rg4 Qxf5 25. Qd5+ Kh8 26. Qxb7 Ng7 27. Qc6 Ne6 28. Rg2 Rad8 29. Rgd2 Rxd2 30. Rxd2 Qxh3 31. a4 Qf1+ 32. Kc2 Qf5+ 33. Kb3 g4 34. Ka2 Nf4 35. Qxc7 g3 36. Qxb6 g2 37. Qc5 Rc8 38. Qf2 Qg4 39. Qg1 Rxc4 40. Rd8+ Kg7 41. a5 Rxb4 42. Bc1 Qe2+ 43. Ka3 Qb5 44. Rd7+ Kf8 0-1

[Event "Charlotte CCCSA Summer GM-A"]
[Site "Charlotte"]
[Date "2022.07.28"]
[Round "8"]
[White "Korley, Kassa"]
[Black "Aagaard, Jacob"]
[Result "1-0"]
[WhiteElo "2421"]
[BlackElo "2474"]
[PlyCount "55"]
[EventDate "2022.07.24"]
[EventType "tourn"]
[EventRounds "9"]
[EventCountry "USA"]
[EventCategory "7"]
[SourceTitle "CBM 209 Extra"]
[Source "ChessBase"]
[SourceDate "2022.09.30"]
[SourceVersion "1"]
[SourceVersionDate "2022.09.30"]
[SourceQuality "1"]

1. Nf3 d5 2. g3 Nf6 3. Bg2 c6 4. 0-0 Bg4 5. d3 Nbd7 6. Nbd2 e5 7. e4 dxe4 8. dxe4 Be7 9. h3 Bh5 10. Qe1 0-0 11. Nh4 Re8 12. Nf5 Bf8 13. a4 a5 14. Nc4 Qc7 15. Bd2 b6 16. Kh1 Nc5 17. f3 Nfd7 18. Be3 f6 19. Qc3 Rad8 20. Rfd1 Nb8 21. Rxd8 Rxd8 22. Nxa5 bxa5 23. Bxc5 Bxc5 24. Qxc5 Rd2 25. Qc3 Qd8 26. Ne3 Bf7 27. Nc4 Re2 28. Bf1 1-0

[Event "Alicante Easter op 6th"]
[Site "Alicante"]
[Date "2022.04.15"]
[Round "5"]
[White "Aagaard, Jacob"]
[Black "Moussard, Jules"]
[Result "0-1"]
[WhiteElo "2465"]
[BlackElo "2630"]
[PlyCount "104"]
[EventDate "2022.04.13"]
[EventType "swiss"]
[EventRounds "9"]
[EventCountry "ESP"]
[SourceTitle "CBM 207 Extra"]
[Source "ChessBase"]
[SourceDate "2022.05.31"]
[SourceVersion "1"]
[SourceVersionDate "2022.05.31"]
[SourceQuality "1"]

1. d4 Nf6 2. c4 e6 3. g3 d5 4. Nf3 Bb4+ 5. Bd2 Be7 6. Bg2 0-0 7. 0-0 c6 8. Qc2 Nbd7 9. Rd1 b6 10. b3 a5 11. Bc3 Ne4 12. Ne5 Nxe5 13. Bxe4 f5 14. Bg2 Nf7 15. Nd2 Ba6 16. Qb2 b5 17. cxb5 cxb5 18. b4 a4 19. Nf3 Rc8 20. Ne1 Nd6 21. Nd3 Rc7 22. e3 g5 23. Nc5 Bc8 24. Qe2 g4 25. h3 gxh3 26. Bxh3 Qe8 27. Rac1 Bd8 28. Kg2 Rg7 29. Rh1 Ne4 30. Nxe4 fxe4 31. Bg4 Bd7 32. Rh2 Qg6 33. Bh5 Qf5 34. Rg1 Be7 35. Kf1 Rc8 36. Qd2 a3 37. Kg2 Be8 38. Be2 Bd6 39. Rc1 Rgc7 40. Rhh1 Qf8 41. Bg4 Qe7 42. Rc2 Kg7 43. Rb1 h5 44. Bd1 h4 45. Rb3 Qg5 46. g4 Bh5 47. Kh3 Rf7 48. Qe1 Rcf8 49. f4 exf3 50. Qxh4 Bxg4+ 51. Qxg4 Rh8+ 52. Qh4 Rxh4# 0-1

[Event "Alicante Easter op 6th"]
[Site "Alicante"]
[Date "2022.04.15"]
[Round "4"]
[White "Aagaard, Jacob"]
[Black "Van Dael, Siem"]
[Result "1-0"]
[WhiteElo "2465"]
[BlackElo "2314"]
[PlyCount "47"]
[EventDate "2022.04.13"]
[EventType "swiss"]
[EventRounds "9"]
[EventCountry "ESP"]
[SourceTitle "CBM 207 Extra"]
[Source "ChessBase"]
[SourceDate "2022.05.31"]
[SourceVersion "1"]
[SourceVersionDate "2022.05.31"]
[SourceQuality "1"]

1. e4 c5 2. Nf3 d6 3. Nc3 Nf6 4. d4 cxd4 5. Qxd4 Nc6 6. Bb5 Bd7 7. Qd3 a6 8. Bxc6 Bxc6 9. Bg5 e6 10. 0-0-0 Be7 11. Nd4 Qc7 12. f4 0-0 13. h4 Bb5 14. Qf3 h5 15. Bxf6 Bxf6 16. Qxh5 Bc4 17. Rh3 Rfd8 18. Rg3 Qc5 19. e5 dxe5 20. Ne4 Qe7 21. fxe5 Bxh4 22. Rg4 f5 23. Rxh4 fxe4 24. Qh7+ 1-0

[Event "La Nucia op"]
[Site "La Nucia"]
[Date "2021.10.08"]
[Round "4"]
[White "Rodriguez Redondo, Adhara"]
[Black "Aagaard, Jacob"]
[Result "0-1"]
[WhiteElo "2191"]
[BlackElo "2461"]
[PlyCount "84"]
[EventDate "2021.10.06"]
[EventType "swiss"]
[EventRounds "9"]
[EventCountry "ESP"]
[SourceTitle "CBM 204 Extra"]
[Source "ChessBase"]
[SourceDate "2021.11.30"]
[SourceVersion "1"]
[SourceVersionDate "2021.11.30"]
[SourceQuality "1"]

1. e4 c5 2. Nf3 d6 3. d4 cxd4 4. Nxd4 Nf6 5. Nc3 a6 6. Be2 e6 7. 0-0 Be7 8. a4 Qc7 9. Be3 b6 10. f4 Bb7 11. Bf3 0-0 12. Qe2 Nc6 13. Nb3 Rab8 14. g4 Rfe8 15. Bg2 Na5 16. Nxa5 bxa5 17. g5 Nd7 18. Qf2 Ba8 19. Rab1 Rb4 20. f5 exf5 21. Qxf5 Ne5 22. Kh1 Bf8 23. Bd2 g6 24. Qf2 Rc4 25. Qg3 Bg7 26. Rbd1 Qb6 27. Bc1 Rc7 28. Qf2 Qb4 29. Nd5 Bxd5 30. Rxd5 Qxa4 31. c3 Nc4 32. Bf4 Rd7 33. Bxd6 Nxd6 34. Qb6 Nc4 35. Qxa6 Ne3 36. Rxd7 Qxd7 37. Re1 Nxg2 38. Kxg2 Qg4+ 39. Kh1 Qf3+ 40. Kg1 Re5 41. Qc8+ Bf8 42. Qd8 Qg4+ 0-1

[Event "La Nucia op"]
[Site "La Nucia"]
[Date "2021.10.06"]
[Round "1"]
[White "Aagaard, Jacob"]
[Black "Diaz Del Valle, Laura Beatriz"]
[Result "1/2-1/2"]
[WhiteElo "2461"]
[BlackElo "2032"]
[PlyCount "71"]
[EventDate "2021.10.06"]
[EventType "swiss"]
[EventRounds "9"]
[EventCountry "ESP"]
[SourceTitle "CBM 204 Extra"]
[Source "ChessBase"]
[SourceDate "2021.11.30"]
[SourceVersion "1"]
[SourceVersionDate "2021.11.30"]
[SourceQuality "1"]

1. e4 g6 2. d4 Bg7 3. Bc4 e6 4. Bb3 Ne7 5. Nf3 0-0 6. h4 h5 7. Nbd2 d5 8. e5 c5 9. c3 Nbc6 10. Nf1 cxd4 11. cxd4 Qa5+ 12. Bd2 Qb6 13. Bc3 Nf5 14. Ne3 Nxe3 15. fxe3 Bh6 16. Qd2 Bd7 17. g4 hxg4 18. Nh2 Nxe5 19. dxe5 Bxe3 20. Qe2 d4 21. Bd2 Bc6 22. Bxe3 dxe3 23. 0-0 Bb5 24. Qxg4 Bxf1 25. Kxf1 Qb5+ 26. Qe2 Qxe5 27. Nf3 Qf4 28. Re1 Rfd8 29. Qxe3 Qxe3 30. Rxe3 Rac8 31. Kg2 Kg7 32. Re2 Rc5 33. Ng5 Rd4 34. Kg3 Rd3+ 35. Kg2 Rd4 36. Kg3 1/2-1/2

[Event "Online Olym Div2 C"]
[Site "Chess.com INT"]
[Date "2021.09.03"]
[Round "4.3"]
[White "Aagaard, Jacob"]
[Black "Nabaty, Tamir"]
[Result "0-1"]
[WhiteElo "2477"]
[BlackElo "2638"]
[PlyCount "92"]
[EventDate "2021.09.02"]
[EventType "team (rapid)"]
[EventRounds "9"]
[EventCountry "USA"]
[SourceTitle "CBM 204 Extra"]
[Source "ChessBase"]
[SourceDate "2021.11.30"]
[SourceVersion "1"]
[SourceVersionDate "2021.11.30"]
[SourceQuality "1"]
[WhiteTeam "Scotland"]
[BlackTeam "Israel"]
[WhiteTeamCountry "SCO"]
[BlackTeamCountry "ISR"]

1. e4 e5 2. Nf3 Nc6 3. Bb5 Nf6 4. 0-0 Bc5 5. c3 0-0 6. d4 Bb6 7. Qd3 d6 8. a4 a5 9. Bg5 h6 10. Bxf6 Qxf6 11. Bxc6 bxc6 12. dxe5 dxe5 13. Nbd2 Ba6 14. Nc4 Rad8 15. Qe2 Qe6 16. b3 f5 17. exf5 Rxf5 18. Rae1 Bxc4 19. bxc4 Rf4 20. Nd2 e4 21. g3 e3 22. fxe3 Rxf1+ 23. Nxf1 Qe4 24. Rd1 Rxd1 25. Qxd1 Bxe3+ 26. Nxe3 Qxe3+ 27. Kg2 Qe4+ 28. Kh3 Qe6+ 29. Qg4 Kf7 30. Qxe6+ Kxe6 31. Kg4 Kd6 32. Kf5 Kc5 33. Kg6 Kxc4 34. Kxg7 Kxc3 35. g4 c5 36. Kxh6 c4 37. g5 Kb4 38. g6 c3 39. g7 c2 40. g8Q c1Q+ 41. Qg5 Qxg5+ 42. Kxg5 c5 43. Kf4 c4 44. Ke3 c3 45. h4 Kb3 46. h5 c2 0-1

[Event "DEN-chT 1920 58th"]
[Site "Denmark"]
[Date "2019.11.23"]
[Round "1.2"]
[White "Olsen, Filip Boe"]
[Black "Aagaard, Jacob"]
[Result "0-1"]
[WhiteElo "2348"]
[BlackElo "2473"]
[PlyCount "118"]
[EventDate "2019.11.23"]
[EventType "team-tourn"]
[EventRounds "9"]
[EventCountry "DEN"]
[SourceTitle "CBM 193 Extra"]
[Source "ChessBase"]
[SourceDate "2020.01.31"]
[SourceVersion "1"]
[SourceVersionDate "2020.01.31"]
[SourceQuality "1"]
[WhiteTeam "Skanderborg Nordea"]
[BlackTeam "Bronshoj"]
[WhiteTeamCountry "DEN"]
[BlackTeamCountry "DEN"]

1. d4 Nf6 2. c4 e6 3. Nc3 Bb4 4. e3 d5 5. a3 Bxc3+ 6. bxc3 0-0 7. cxd5 exd5 8. Bd3 c5 9. Ne2 b6 10. 0-0 Ba6 11. f3 Re8 12. Bxa6 Nxa6 13. Qd3 Nc7 14. dxc5 bxc5 15. c4 Ne6 16. Bb2 dxc4 17. Qxc4 Nd5 18. Qc1 Nxe3 19. Qxe3 Nd4 20. Bxd4 Rxe3 21. Bxe3 Qe7 22. Bf2 Qxe2 23. Bxc5 h5 24. Bf2 a5 25. Rfe1 Qb2 26. Reb1 Qc3 27. Rc1 Qb3 28. Rcb1 Qa4 29. Rd1 Rb8 30. h3 Rb5 31. Rd3 Qc2 32. Rd8+ Kh7 33. Rd4 Rb1+ 34. Rxb1 Qxb1+ 35. Kh2 Qb2 36. Rd5 Qxf2 37. Rxh5+ Kg6 38. Rxa5 Qc2 39. Ra7 Qc6 40. Kh1 Kf6 41. a4 g6 42. a5 Qc1+ 43. Kh2 Qf4+ 44. Kh1 Qc1+ 45. Kh2 Qc8 46. Kh1 Qc5 47. Rb7 Qxa5 48. Rb1 Kg5 49. f4+ Kf5 50. Rf1 Qa2 51. Kh2 Qe2 52. Rf3 Qxf3 53. gxf3 Kxf4 54. Kg2 g5 55. Kf2 f6 56. Kg2 Ke3 57. Kg3 f5 58. f4 gxf4+ 59. Kg2 Ke2 0-1

[Event "Chess24 Banter Blitz Cup"]
[Site "chess24.com INT"]
[Date "2019.10.08"]
[Round "1.4"]
[White "Aagaard, Jacob"]
[Black "Cori, Jorge Moise"]
[Result "1/2-1/2"]
[WhiteElo "2473"]
[BlackElo "2671"]
[PlyCount "134"]
[EventDate "2019.09.25"]
[EventType "k.o. (blitz)"]
[EventRounds "7"]
[EventCountry "USA"]
[SourceTitle "CBM 195 Extra"]
[Source "ChessBase"]
[SourceDate "2020.05.31"]
[SourceVersion "1"]
[SourceVersionDate "2020.05.31"]
[SourceQuality "1"]

1. d4 d5 2. Nf3 c6 3. c4 e6 4. e3 Nf6 5. Bd3 Be7 6. 0-0 0-0 7. Nbd2 Nbd7 8. e4 dxe4 9. Nxe4 Nxe4 10. Bxe4 Nf6 11. Bc2 c5 12. b3 b6 13. Bb2 Bb7 14. Ne5 cxd4 15. Qxd4 Qxd4 16. Bxd4 Rfd8 17. Rfd1 Kf8 18. f3 h6 19. Kf1 Ke8 20. a4 Bb4 21. Ke2 Nh5 22. Be3 Bc3 23. Nd3 Bxa1 24. Rxa1 Nf6 25. a5 Nd7 26. b4 Rac8 27. Bb3 Rc7 28. axb6 axb6 29. c5 bxc5 30. Nxc5 Nxc5 31. Bxc5 Rcc8 32. Ra7 Rd7 33. Ba4 Bc6 34. Bxc6 Rxc6 35. Ra8+ Rd8 36. Ra7 Rd7 37. Ra8+ Rd8 38. Ra7 Rdc8 39. Re7+ Kf8 40. Rd7+ Ke8 41. Re7+ Kf8 42. Rd7+ Kg8 43. Kd3 Rxc5 44. bxc5 Rxc5 45. h3 g5 46. Ke3 Rf5 47. Kf2 Kg7 48. Ra7 Kg6 49. Ra8 Rd5 50. Kg3 h5 51. Kh2 h4 52. Kg1 Kf5 53. Rf8 f6 54. Kh2 e5 55. Kg1 Rd6 56. Kh2 Kf4 57. Kg1 f5 58. Kh2 Rd2 59. Rf7 Re2 60. Rf8 Rd2 61. Rf7 Rd6 62. Rf8 Rd1 63. Rf7 Rd2 64. Rf8 Rc2 65. Rf7 Rd2 66. Rf8 Rc2 67. Rf7 Rd2 1/2-1/2

[Event "Chess24 Banter Blitz Cup"]
[Site "chess24.com INT"]
[Date "2019.10.08"]
[Round "1.12"]
[White "Aagaard, Jacob"]
[Black "Cori, Jorge Moise"]
[Result "1-0"]
[WhiteElo "2473"]
[BlackElo "2671"]
[PlyCount "159"]
[EventDate "2019.09.25"]
[EventType "k.o. (blitz)"]
[EventRounds "7"]
[EventCountry "USA"]
[SourceTitle "CBM 195 Extra"]
[Source "ChessBase"]
[SourceDate "2020.05.31"]
[SourceVersion "1"]
[SourceVersionDate "2020.05.31"]
[SourceQuality "1"]

1. e4 c5 2. Nf3 Nc6 3. d4 cxd4 4. Nxd4 e5 5. Nb5 d6 6. N1c3 a6 7. Na3 b5 8. Nd5 Nf6 9. Bg5 Be7 10. Bxf6 Bxf6 11. c3 0-0 12. Nc2 Rb8 13. g3 Be6 14. Bg2 Bg5 15. 0-0 Kh8 16. Qd3 Ne7 17. Nce3 Bxe3 18. Nxe3 Qc7 19. Rfd1 Rfd8 20. h4 Kg8 21. h5 h6 22. Bf3 a5 23. Kg2 b4 24. cxb4 Rxb4 25. b3 a4 26. bxa4 Rxa4 27. a3 Qa7 28. Rdc1 Qa6 29. Rc3 Qxd3 30. Rxd3 Nc6 31. Rb1 Nd4 32. Rb6 Rda8 33. Rxd6 Rxa3 34. Rxa3 Rxa3 35. Rd8+ Kh7 36. Rb8 Rc3 37. Bg4 Bxg4 38. Nxg4 Rc5 39. Rb7 Kg8 40. Ne3 Ne6 41. Nd5 Ra5 42. Ne7+ Kh7 43. Nf5 Kg8 44. Nd6 Ng5 45. Rb8+ Kh7 46. Rb7 Kg8 47. Rb8+ Kh7 48. Rf8 Ra7 49. Re8 f6 50. Rb8 Rd7 51. Rb6 Nf7 52. Nf5 Ng5 53. f3 Rd2+ 54. Kf1 Rd7 55. Ke2 Kg8 56. Rb8+ Kf7 57. Rh8 Ne6 58. Rb8 Rc7 59. Rb6 Rd7 60. Ke3 Nd4 61. Nxd4 Rxd4 62. Rb7+ Kg8 63. f4 Ra4 64. fxe5 fxe5 65. Kf3 Ra3+ 66. Kg4 Ra6 67. Kf5 Rf6+ 68. Kxe5 Rf3 69. g4 Kf8 70. Rb2 Kf7 71. Rb7+ Kf8 72. Ke6 Rf6+ 73. Ke5 Rc6 74. Rb8+ Kf7 75. Rb5 Rc7 76. Rd5 Re7+ 77. Kf5 Ra7 78. e5 Rb7 79. g5 hxg5 80. Kxg5 1-0

[Event "Chess24 Banter Blitz Cup"]
[Site "chess24.com INT"]
[Date "2019.10.08"]
[Round "1.9"]
[White "Cori, Jorge Moise"]
[Black "Aagaard, Jacob"]
[Result "0-1"]
[WhiteElo "2671"]
[BlackElo "2473"]
[PlyCount "76"]
[EventDate "2019.09.25"]
[EventType "k.o. (blitz)"]
[EventRounds "7"]
[EventCountry "USA"]
[SourceTitle "CBM 195 Extra"]
[Source "ChessBase"]
[SourceDate "2020.05.31"]
[SourceVersion "1"]
[SourceVersionDate "2020.05.31"]
[SourceQuality "1"]

1. d4 Nf6 2. Nf3 g6 3. Bg5 Bg7 4. c3 0-0 5. Nbd2 d6 6. e3 c5 7. Be2 Nc6 8. 0-0 Qb6 9. Nc4 Qc7 10. d5 Nb8 11. a4 h6 12. Bxf6 exf6 13. Rc1 f5 14. b4 b6 15. Re1 Nd7 16. h3 Nf6 17. Na3 a6 18. Qb3 Ne4 19. b5 a5 20. c4 Qe7 21. Nb1 Qf6 22. Nbd2 Bd7 23. Qc2 Rae8 24. Bd3 Nxd2 25. Nxd2 f4 26. Ne4 Qe5 27. exf4 Qxf4 28. g3 Qf3 29. Re3 Qh5 30. Bf1 Bd4 31. Ree1 Bf5 32. g4 Bxe4 33. Rxe4 Qh4 34. Rxe8 Rxe8 35. Bg2 Qg5 36. Rf1 Qf4 37. Qd3 Re5 38. Qe3 Rxe3 0-1

[Event "Helsingor Xtracon op"]
[Site "Helsingor"]
[Date "2018.07.28"]
[Round "9"]
[White "Song, Edward"]
[Black "Aagaard, Jacob"]
[Result "1/2-1/2"]
[WhiteElo "2275"]
[BlackElo "2482"]
[PlyCount "39"]
[EventDate "2018.07.21"]
[EventType "swiss"]
[EventRounds "10"]
[EventCountry "DEN"]
[SourceTitle "CBM 185 Extra"]
[Source "ChessBase"]
[SourceDate "2018.07.29"]
[SourceVersion "1"]
[SourceVersionDate "2018.07.29"]
[SourceQuality "1"]

1. e4 e5 2. Nf3 Nc6 3. Bb5 Nf6 4. 0-0 Nxe4 5. Re1 Nd6 6. Nxe5 Nxe5 7. Rxe5+ Be7 8. Bf1 0-0 9. Nc3 Bf6 10. Re1 c6 11. d4 Nf5 12. d5 Bxc3 13. bxc3 Qf6 14. Qf3 cxd5 15. Bd2 d6 16. Qxd5 Rb8 17. Bd3 Be6 18. Qf3 Rfc8 19. a4 Rc5 20. Rab1 1/2-1/2

[Event "Helsingor Xtracon op"]
[Site "Helsingor"]
[Date "2018.07.26"]
[Round "7"]
[White "Rasmussen, Allan Stig"]
[Black "Aagaard, Jacob"]
[Result "1-0"]
[WhiteElo "2536"]
[BlackElo "2482"]
[PlyCount "75"]
[EventDate "2018.07.21"]
[EventType "swiss"]
[EventRounds "10"]
[EventCountry "DEN"]
[SourceTitle "CBM 185 Extra"]
[Source "ChessBase"]
[SourceDate "2018.07.29"]
[SourceVersion "1"]
[SourceVersionDate "2018.07.29"]
[SourceQuality "1"]

1. d4 Nf6 2. c4 e6 3. Nf3 d5 4. e3 c5 5. cxd5 exd5 6. Bb5+ Nc6 7. 0-0 Bd6 8. dxc5 Bxc5 9. Nc3 0-0 10. b3 a6 11. Bxc6 bxc6 12. Bb2 Bg4 13. Rc1 Bd6 14. Ne2 Rc8 15. Ne5 Qa5 16. Nxg4 Nxg4 17. Nd4 Bxh2+ 18. Kh1 h5 19. Nxc6 Rxc6 20. Rxc6 d4 21. Qxd4 Be5 22. Bc3 Qxa2 23. Qd2 Qxb3 24. Rc5 Bxc3 25. Qxc3 Qa4 26. Kg1 g6 27. f3 Nh6 28. e4 Kh7 29. Ra1 Qd7 30. Rc7 Qd6 31. Rc6 Qf4 32. Rcxa6 h4 33. Ra8 Rxa8 34. Rxa8 Ng8 35. Qc8 Qe3+ 36. Kh2 Qf4+ 37. Kh1 Kh6 38. Qf8+ 1-0